000 00798nam a22002177a 4500
003 UA-OsUOA
001 101128
007 ta
008 20130605b un ||||| |||| 00| 0 ukr d
100 _aПентилюк М.
090 _a81
_bП25
942 _cSA
040 _aUA-OsUOA
_bukr
_cUA-OsUOA
_dUA-OsUOA
245 _aТеоретичні засади методики навчання української мови. На допомогу вчителеві-словеснику
300 _aС.2-7
955 _a0
041 _aukr
080 _a81
773 0 _w101127
_tУкраїнська мова й література в сучасній школі
_dК.
_d2013
_g5
650 7 _a8 Мовознавство. Художня література. Літературознавство
_2UDC
999 _c387375
_d387375